Generálny biskup sa stretol s komisárom EÚ

Bibliographic Details
Main Author: Sabolíková, E. (Author)
Format: Article
Language:Slovak
ISSN:0139-8768
Subjects:

MARC

LEADER 00000nab a2200000 a 4500
001 vtls008997681
003 SK-MaSNL
005 20260303065816.0
008 140402c2007 xo mr|p|||||||000 b|slo
015 |a SNBRB2007/06  |2 snkbucl 
038 |a SNKBUCL 
040 |a SNKBUCL  |b slo  |c SNKBUCL  |e AACR2 
040 0 |a slo  |e AACR2 
041 0 |a slo 
044 |a xo  |c SK 
080 |a 284.1(437.6)  |2 1997 
100 1 |a Sabolíková, E.  |4 aut  |9 1032863 
245 1 0 |a Generálny biskup sa stretol s komisárom EÚ  |c E. Sabolíková 
600 1 7 |a Klátik, Miloš,  |d 1963-  |2 snkbucl  |9 106618 
600 1 7 |a Figeľ, Ján,  |d 1960-  |2 snkbucl  |9 105604 
610 2 7 |a Evanjelická cirkev a.v.  |z Slovensko  |2 snkbucl  |9 585759 
655 7 |a stretnutia  |2 snkbucl  |9 1066371 
773 0 |t Evanjelický posol spod Tatier  |g Roč. 97, č. 23 (2007), s.  |x 0139-8768 
852 |a SNK  |b KIS3GCP 
958 |a SK 
999 |c 1752796  |d 1754726